Normal view
MARC view
Entry Personal Name
001 - CONTROL NUMBER
- control field: 1180131
003 - CONTROL NUMBER IDENTIFIER
- control field: OSt
005 - DATE AND TIME OF LATEST TRANSACTION
- control field: 20260324130009.0
008 - FIXED-LENGTH DATA ELEMENTS
- fixed length control field: 260324|| aca||aabn | a|a d
040 ## - CATALOGING SOURCE
- Original cataloging agency: OSt
- Transcribing agency: OSt
100 ## - HEADING--PERSONAL NAME
- Personal name: Mark Sandy; Andrew Radford
670 ## - SOURCE DATA FOUND
- Source citation: Work cat.: (OSt)1775868: Mark Sandy; Andrew Radford, Romantic Echoes in the Victorian Era
